000 004480000a22001450004500
020 _a0-385-41848-5
041 0 _aENG
082 0 4 _aG 941.501 C1324h
100 1 _aCahill, Thomas (1953-)
245 1 0 _aHow the Irish saved civilization : The untold story of Ireland's heroic role from the fall of Rome to the rise of medieval Europe / Thomas Cahill
260 _aNew York, N.Y., USA : Doubleday
300 _a246 Pag
001 11570
942 _cBK
999 _c40818
_d40818